Methodology for integrated environmental health risk assessment of upcoming activities and strategy papers

Hodnotenie vplyvu pripravovaných aktivít a strategických dokumentov na environmentálne a ľudské zdravie.

Salvato in:
Dettagli Bibliografici
Autore principale: Müllerová, Jana
Altri autori: Szanková, Erika, Bosák, Martin, 1967-
Natura: Capitolo di libro
Lingua:inglese
Soggetti:
Tags: Aggiungi Tag
Nessun Tag, puoi essere il primo ad aggiungerne!!

MARC

LEADER 00000naa$a2200000$$$4500
001 0164937
005 20240502083404.8
041 0 |a eng 
044 |a KZ 
245 1 0 |a Methodology for integrated environmental health risk assessment of upcoming activities and strategy papers  |c Jana Müllerová, Erika Szanková, Martin Bosák 
520 |a Hodnotenie vplyvu pripravovaných aktivít a strategických dokumentov na environmentálne a ľudské zdravie. 
610 2 0 |a prostredie životné 
610 2 0 |a obyvateľstvo 
610 2 0 |a zdravie 
610 2 0 |a dokumenty 
610 2 0 |a rozvoj trvalo udržateľný 
100 1 |a Müllerová, Jana 
700 1 |a Szanková, Erika 
700 1 |a Bosák, Martin, 1967-